Statistics for Countries States Capitals Elements Words - ending with T

Click here to take the quiz!

General Stats

  • This quiz has been taken 116 times
    (13 since last reset)
  • The average score is 15 of 28

Answer Stats

Answer % Correct
Nouakchott
88%
Beirut
88%
Ashgabat
75%
Kuwait
75%
That
75%
Muscat
63%
Get
63%
Rabat
63%
What
63%
Frankfort
63%
Not
63%
It
63%
Budapest
63%
But
63%
Bucharest
63%
At
63%
Out
50%
Connecticut
50%
Vermont
50%
Tashkent
50%
Cobalt
38%
First
38%
Just
38%
Want
25%
Egypt
25%
Most
25%
About
25%
Ivory Coast
13%

Score Distribution

Percentile by Number Answered

Percent of People with Each Score

Your Score History

You have not taken this quiz since the last reset